00663nam a2200217Ia 4500003000900000008004100009040001300050040001300063041000800076100002100084245004400105250001200149260001500161260000900176300000800185490004300193490000700236942000700243999001300250952018200263IT-RoPAU120407s9999 xx 000 0 und d aIT-RoPAU cIT-RoPAU aita aEugen Drewermann aPSICANALISI E TEOLOGIA MORALE. 2a ediz aBrescia aQueriniana c1993 c cm aBiblioteca di Teologia Contemporanea  v70 cBK c387d387 00102ddc406230_87000000000000071aPAULUSbPAULUSd2012-04-11l0o230.870r2012-04-11 00:00:00w2012-04-11yBKzInserito da: In data: n.d. fondo: Via A.Severo 56 Progr:30162